Statistics for Queen - The Miracle - Lyrics

Click here to take the quiz!

General Stats

  • This quiz has been taken 47 times
  • The average score is 245 of 301

Answer Stats

Answer% Correct
a
95%
go
95%
it
95%
It's
95%
miracle
95%
the
95%
The
95%
To
95%
to
95%
we
95%
All
90%
all
90%
an
90%
and
90%
drop
90%
earth
90%
every
90%
Every
90%
falls
90%
for
90%
in
90%
of
90%
on
90%
rain
90%
that
90%
That
90%
be
86%
day
86%
does
86%
free
86%
Mother
86%
nature
86%
us
86%
wear
86%
can
81%
end
81%
friends
81%
God's
81%
If
81%
Mahal
81%
one
81%
see
81%
Taj
81%
That's
81%
waiting
81%
we're
81%
We're
81%
when
81%
will
81%
you'll
81%
child
76%
clothes
76%
come
76%
could
76%
Could
76%
Desert
76%
food
76%
harmony
76%
is
76%
peace
76%
Peace
76%
perfect
76%
Sahara
76%
street
76%
thing
76%
time
76%
war
76%
Babylon
71%
creations
71%
eat
71%
great
71%
Had
71%
live
71%
need
71%
says
71%
small
71%
today
71%
babies
67%
being
67%
born
67%
fathers
67%
Gate
67%
Golden
67%
Mothers
67%
people
67%
would
67%
Gardens
62%
gone
62%
hanging
62%
dead
57%
leaf
57%
Tower
57%
tree
57%
Babel
52%
Hendrix
52%
just
52%
story
52%
tell
52%
this
52%
having
48%
Jimi
48%
Test
48%
tube
48%
wonders
48%
world
48%
always
43%
But
43%
keeps
43%
powers
43%
smiling
43%
Super
43%
Abel
38%
Lisa
38%
Mona
38%
tea
38%
with
38%
Cain
33%
cup
33%
fighting
33%
mornings
33%
Sunday
33%
Captain
29%
Cook
29%
hearts
29%
Open
29%
surgery
29%

Score Distribution

Percentile by Number Answered

Percent of People with Each Score

Your Score History

You have not taken this quiz